Istorija srpske umetnosti XVIII-XXI vek

Bibliographic Details
Main Author: Maldini, Slobodan, 1956- (Author)
Format: Book
Language:Serbian
PhysicalDescription:847 strán fotografie, ilustrácie, portréty 34 cm
Published: Beograd Knjiga komerc 2018
ISBN:9788677124304
Subjects:

MARC

LEADER 00000nam a2200000 4500
001 vtls012057259
003 SK-MaSNL
005 20260301215920.0
008 210607s2018 rb oac g e 001 0dsrp
020 |a 9788677124304  |q (viazané) 
040 |a SNK  |b slo  |c SNK  |e rda 
041 0 |a srp 
044 |a rb  |c RS 
072 7 |2 konspekt 
080 |2 2011 
100 1 |a Maldini, Slobodan,  |d 1956-  |4 aut  |9 606377 
245 1 0 |a Istorija srpske umetnosti XVIII-XXI vek  |c Slobodan Maldini 
264 1 |a Beograd  |b Knjiga komerc  |c 2018 
300 |a 847 strán  |b fotografie, ilustrácie, portréty  |c 34 cm 
336 |a text  |b txt  |2 rdacontent 
336 |a statický obraz  |b sti  |2 rdacontent 
337 |a bez média  |b n  |2 rdamedia 
338 |a zväzok  |b nc  |2 rdacarrier 
500 |a Obsahuje biografické a profesijné údaje o autorovi na strane 846 ; slovníček pojmov na strane 810-816 ; zdroje fotografií 
504 |a Obsahuje register 
655 7 |a encyklopédie  |2 SNKPH  |9 28776 
655 7 |a Encyclopedias  |2 SNKPHeng  |9 90422 
919 |a 978-86-7712-430-4 
999 |c 929913  |d 931843 
952 |a SNK  |b SNK  |y VYP  |7 0  |p 17A1490503  |o snkIB 74155  |i snk2022/7946  |8 2  |g 50.00  |0 0  |1 0  |4 0  |d 2021-06-07  |l 0  |r 2026-02-24 08:45:18  |w 2026-02-24